Statistics for Fk Partizan trophies( Partizan trofeji)

Click here to take the quiz!

General Stats

  • This quiz has been taken 91 times
  • The average score is 9 of 9

Answer Stats

HintAnswer% Correct
Kup ( Jugoslavija )5
100%
Mitropa Kup( Srednjeevropski trofej ) | Super Kup ( Jugoslavija ) | Uhrein Kup 1
100%
Kup ( Srbija )7
100%
Titula ( Srbija ) | Titula ( Srbija i Crna Gora )8
99%
Kup ( Srbija i Crna Gora )4
99%
Titula ( Jugoslavija )11
98%

Score Distribution

Percentile by Number Answered

Percent of People with Each Score

Your Score History

You have not taken this quiz